000 00623nam a22002297a 4500
003 UA-OsUOA
001 87118
007 ta
008 20120914b un ||||| |||| 00| 0 ukr d
100 _aАпт С.
090 _a82.09
_bА77
942 _cBK
040 _aUA-OsUOA
_brus
_cUA-OsUOA
_dUA-OsUOA
245 _aНад страницами Томаса Манна
_bочерки
300 _a392 с.
955 _a2
041 _arus
080 _a82.09
260 _aМ.
_bСоветский писатель
_c1980
650 7 _a82 Література. Літературознавство
_2UDC
999 _c373410
_d373410